Cẩm nang cơ khí (Nguyên lí thiết kế)

Sách trình bày các nguyên tắc, phương pháp thiết kế, độ cứng, sức bền mỏi của các kết cấu. Các giải pháp thiết kế các chi tiết đúc, gia công cơ khí

Saved in:
Bibliographic Details
Main Author: Orlôp, P. I
Format: Book
Language:Undetermined
Published: Hải Phòng Nxb Hải Phòng 2003
Subjects:
Tags: Add Tag
No Tags, Be the first to tag this record!
Institutions: Trung tâm Học liệu Trường Đại học Cần Thơ
LEADER 00935nam a2200229Ia 4500
001 CTU_102606
008 210402s9999 xx 000 0 und d
020 |c 150000 
082 |a 620.1 
082 |b O.72/T.1 
100 |a Orlôp, P. I 
245 0 |a Cẩm nang cơ khí 
245 0 |b (Nguyên lí thiết kế) 
245 0 |c P. I Orlôp ; Võ Trần Khúc Nhã (biên dịch) 
260 |a Hải Phòng 
260 |b Nxb Hải Phòng 
260 |c 2003 
520 |a Sách trình bày các nguyên tắc, phương pháp thiết kế, độ cứng, sức bền mỏi của các kết cấu. Các giải pháp thiết kế các chi tiết đúc, gia công cơ khí 
650 |a Mechanical engineering,Machine parts 
650 |x Handbooks, manuals, etc.,Design and construction 
904 |i Hiếu; H.Mai 
980 |a Trung tâm Học liệu Trường Đại học Cần Thơ